Vista normal Vista MARC

Entrada Personal Name

Número de registros utilizados en: 1

001 - CONTROL NUMBER

  • control field: 2489

003 - CONTROL NUMBER IDENTIFIER

  • control field: OSt

005 - DATE AND TIME OF LATEST TRANSACTION

  • control field: 20200403132634.0

008 - FIXED-LENGTH DATA ELEMENTS

  • fixed length control field: 200403|| aca||aabn | a|a d

040 ## - CATALOGING SOURCE

  • Original cataloging agency: OSt
  • Transcribing agency: OSt

100 ## - HEADING--PERSONAL NAME

  • Personal name: Krug, Robert E.

670 ## - SOURCE DATA FOUND

  • Source citation: Work cat.: (OSt)4927: Schawarz, Paul A., autor 2487, Ability testing in developing countries : , 1972